01894nam a22001937a 4500003000900000005001700009008004100026040001300067100004300080245006500123260002100188300001200209490004300221520120500264942001201469999001901481952010001500952010001600IT-RoPau20220918181221.0140531b xxu||||| |||| 00| 0 eng d cIT-RoPau aPie Discepole del Divin Maestro928120 aLa vita in Cristo e nella ChiesabRivista mensile Anno XVIII aRomabPDDMc1969 c26,5 cm aLa vita in Cristo e nella Chiesav1969 aElenco autori Gennaio 1969 Olivero - Travella - Mons. Bondioli - Da Lovere - Don Favilli - Paolo VI - Mulassano - Silvi - Tonello - M. F. Marchegiani Febbraio 1969 Travella - M. L. Ricci - Mons. Bondioli - Da Lovere - Ferraris - Don Favilli - Grassi - Tonello - Mulassano Marzo 1969 Amati - Travella - M. L. Ricci - Mons. Bondioli - Da Lovere - Ferraris - Don Favilli - Masseni - Tonello - Mulassano Aprile 1969 Amati - Travella - M. L. Ricci - Mons. Bondioli - Da Lovere - Don Favilli - Ferraris - Gallo - Mulassano - Tonello Maggio 1969 Bonetto - Travella - Mons. Bondioli - M. L. Ricci - Brandolini - Ferraris - Paolucci - Manicni - Lerda - Tonello - Mulassano Giugno 1969 Amati - Travella - M. L. Ricci - Mons. Bondioli - Mazzolari - C. G. e Maria Franca - Mancini - Ferraris - Tonello - Mulassano Luglio-Agosto 1969 Amati - Travella - M. L. Ricci - Bondioli - Cirelli - Ronci - Ferraris - Jones - Tonello Settembre-Ottobre 1969 G. B. - Travella - M. L. Ricci - Bondioli - Giordani - Mancini - Bonetto - Mulassano - Ferraris Novembre 1969 G. B. - Travella - Mazzolari - Bondioli - Ferraris - Mancini - Milani - Tonello - Mulassano Dicembre 1969 Travella - Da Lovere - Noè - Mignone  2ddccCR c104409d104409 00102ddc406P_D671aPAULUSbPAULUSd2014-05-31l0oP D6r2014-05-31 00:00:00w2014-05-31yCR 00102ddc406P_D771aPAULUSbPAULUSd2014-07-07l0oP D7r2014-07-07 00:00:00w2014-07-07yCR